000 00307nam a22001337a 4500
008 171027b xxu||||| |||| 00| 0 eng d
020 _a0070551006
041 _aeng
080 _a336
100 _a55
101 _aMEN
245 _aINTRODUCTION TO FINANCIAL MANAGEMENT
_cSCHALL.L.D
942 _2udc
_cBK
999 _c35996
_d35996